000 01599nam a2200457 i 4500
001 32077
003 KOSZ 005
005 20250815064009.0
008 040405s1975 pl a f f |000 0 pol
015 _aUWD 1975/7869
035 _a991023005829705066
035 _a(PL-WaBN)b16203276-48omnis_nlop
035 _ab16203276
035 _a(OCoLC)749236066
035 _a(PL)b0000001620327
035 _a(EXLNZ-48OMNIS_NETWORK)9910355191505606
040 _aWA N
_cWA N
_dKOSZ 005/HR
041 1 _apol
_hrus
046 _k1972
080 _a53
080 _a(076)
245 0 0 _aZadania z fizyki teoretycznej /
_cL. G. Grieczko [et al. ; z ros. tł. Maria Krawczyk, Zbigniew Rek].
246 1 _iTyt. oryg.:
_aSbornik zadač po teoretičeskoj fizike,
_f1972
260 _aWarszawa :
_bPańst. Wydaw. Naukowe,
_c1975.
300 _a316, [3] s. :
_bil., wykr. ;
_c24 cm.
336 _aTekst
_btxt
_2rdacontent
337 _aBez urządzenia pośredniczącego
_bn
_2rdamedia
338 _aWolumin
_bnc
_2rdacarrier
380 _aKsiążki
380 _apublikacje dydaktyczne
385 _mPoziom nauczania
_aSzkoły wyższe
650 7 _aFizyka
_2DBN
655 7 _aĆwiczenia i zadania dla szkół wyższych
_2DBN
658 _aFizyka i astronomia
700 1 _aGrečko, Leonid Grigor'evič
_eAutor
700 1 _aKrawczyk, Maria
_c(fizyk)
_eTłumaczenie
700 1 _aRek, Zbigniew
_eTłumaczenie
856 _uhttp://koha.tu.koszalin.pl/cgi-bin/koha/opac-detail.pl?biblionumber=32077
_yKatalog online BPK
942 _2UKD
_cKS
999 _c32077
_d32077